000 00762nam a2200121Ia 4500
008 220620s9999||||xx |||||||||||||| ||und||
100 _aStallwitz, Anke
245 4 _aThe Role of Community-Mindedness in the Self-Regulation of Drug Cultures
_bA Case Study from the Shetland Islands
546 _aEnglish[eng]
650 _asocial sciences||criminology & criminal justice||sociology||general||community and environmental psychology||Heroin||Shetland||Subculture
856 _uhttps://library.oapen.org/bitstream/20.500.12657/34534/1/418016.pdf||https://library.oapen.org/bitstream/20.500.12657/34534/1/418016.pdf||https://library.oapen.org/bitstream/20.500.12657/34534/1/418016.pdf||https://library.oapen.org/bitstream/20.500.12657/34534/1/418016.pdf
942 _cEB
999 _c23697
_d23697